[Event "15th Reykjavik op"]
[Site "Reykjavik ISL"]
[Date "1992.??.??"]
[Round "1"]
[White "Conquest, Stuart"]
[Black "Stefansson, Hannes Hlifar"]
[WhiteElo "2505"]
[BlackElo "2455"]
[Result "1-0"]
[EventDate "1992.03.01"]
[PlyCount "83"]

1.d4 Nf6 2.c4 e6 3.Nc3 Bb4 4.e3 O-O 5.Bd3 d5 6.cxd5 exd5 7.Ne2 Re8 8.Bd2 
c5 9.O-O Nc6 10.Rc1 cxd4 11.exd4 Bd6 12.f3 h6 13.Be1 Nh5 14.Qd2 Be6 15.g4 
Nf6 16.Kh1 Nh7 17.Nf4 Nf8 18.Bb1 Qf6 19.Nh5 Qxd4 20.Qg2 Be7 21.f4 f6 22.a3
Qc5 23.Ba2 d4 24.b4 Qd6 25.Ne4 Qd7 26.g5 hxg5 27.fxg5 fxg5 28.Nxg7 Kxg7 
29.Nxg5 Bxg5 30.Qxg5+ Ng6 31.Rf6 Ne5 32.Bg3 Bd5+ 33.Kg1 Nf3+ 34.Rxf3 Bxf3 
35.Rc7 Qxc7 36.Bxc7 d3 37.Bf4 Re1+ 38.Kf2 Re2+ 39.Kxf3 Rxa2 40.Be5+ Kf7 
41.Qf6+ Ke8 42.Qxg6+ 1-0

[Event "15th Reykjavik op"]
[Site "Reykjavik ISL"]
[Date "1992.??.??"]
[Round "1"]
[White "Renet, Olivier"]
[Black "Thorsteins, Karl"]
[WhiteElo "2495"]
[BlackElo "2485"]
[Result "1-0"]
[EventDate "1992.03.01"]
[PlyCount "65"]

1.e4 c6 2.d4 d5 3.e5 Bf5 4.Nf3 e6 5.Be2 c5 6.O-O Nc6 7.c3 Bg6 8.Be3 Qb6 9.
Qd2 c4 10.Qc1 Nge7 11.Nh4 Nf5 12.Nxg6 hxg6 13.Bf4 f6 14.h3 fxe5 15.dxe5 
Bc5 16.Nd2 g5 17.Bh2 O-O-O 18.b4 cxb3 19.axb3 Rdf8 20.b4 Be3 21.Bg4 Bf4 
22.Bxf4 gxf4 23.Nf3 Ng3 24.Re1 Ne4 25.Qc2 Kb8 26.Rxe4 dxe4 27.Qxe4 Ne7 28.
Nd4 Nf5 29.Bxf5 exf5 30.Qxf4 a6 31.b5 axb5 32.e6+ Qc7 33.Ra8+ 1-0

[Event "15th Reykjavik op"]
[Site "Reykjavik ISL"]
[Date "1992.??.??"]
[Round "2"]
[White "Arnason, Jon"]
[Black "Thorsteins, Karl"]
[WhiteElo "2515"]
[BlackElo "2485"]
[Result "1/2-1/2"]
[EventDate "1992.03.01"]
[PlyCount "98"]

1.e4 c6 2.c4 e5 3.Nf3 d6 4.d4 Nf6 5.Nc3 Nbd7 6.h3 Be7 7.Be3 O-O 8.Be2 a6 
9.a3 Re8 10.Qc2 Bf8 11.O-O exd4 12.Nxd4 g6 13.Rfe1 Nc5 14.Bf3 a5 15.Rad1 
Qe7 16.Bf4 Nfd7 17.b4 axb4 18.axb4 Ne6 19.Bg3 Ne5 20.Be2 Bg7 21.Nb3 Qf6 
22.Qc1 h5 23.Rf1 h4 24.Bh2 Nd7 25.Nb1 Ra2 26.Bg4 Ne5 27.Rxd6 Rb2 28.f4 
Nxg4 29.e5 Qe7 30.hxg4 Rxb3 31.f5 Nd4 32.Qd1 Bxe5 33.Bxe5 Qxe5 34.Qxd4 
Qxd4+ 35.Rxd4 Rxb4 36.Nc3 gxf5 37.gxf5 b5 38.Rg4+ Kf8 39.Rxh4 Rxc4 40.Rh8+
Ke7 41.Re1+ Be6 42.Rxe8+ Kxe8 43.Ne4 Kd7 44.fxe6+ fxe6 45.g4 b4 46.g5 Ke7 
47.Kf2 b3 48.Kf3 b2 49.Rb1 Rb4 1/2-1/2

[Event "15th Reykjavik op"]
[Site "Reykjavik ISL"]
[Date "1992.??.??"]
[Round "2"]
[White "Hjartarson, Johann"]
[Black "Renet, Olivier"]
[WhiteElo "2580"]
[BlackElo "2495"]
[Result "1-0"]
[EventDate "1992.03.01"]
[PlyCount "53"]

1.d4 Nf6 2.c4 g6 3.Nc3 Bg7 4.e4 d6 5.Nf3 O-O 6.h3 e5 7.d5 Na6 8.Bg5 c6 {TN
} ( 8...Qe8 9.g4 Nd7 10.Nd2 $6 f5 11.gxf5 gxf5 12.Rg1 Kh8 13.Bd3 Ndc5 14.
Bb1 {Gulko,B-Hjartarson,J/Reykjavik WCup/1991/E-E/30/ -> CBM 26} 14...
fxe4 15.Ndxe4 Bxh3 $17 ) 9.Nd2 ( 9.Be2 h6 10.Be3 cxd5 11.cxd5 Nh5 12.Nh2 
Nf4 13.Bf3 $14 ) 9...h6 10.Be3 Nh7 11.g4 $5 ( 11.Be2 f5 12.f3 $14 ) 11...
cxd5 12.cxd5 f5 13.gxf5 gxf5 14.exf5 Bxf5 15.Nde4 Nf6 16.Ng3 $1 ( 16.Bd3 
$2 Nxe4 17.Bxe4 Qh4 $40 ) 16...Bg6 17.Rg1 Nb4 18.Rc1 Qa5 19.Qd2 ( 19.a3 $2
Nbxd5 20.b4 Nxe3 $1 21.Qb3+ Bf7 22.bxa5 Bxb3 23.fxe3 Be6 $17 ) 19...Kh7 
20.a3 Nbxd5 21.Bd3 $1 ( 21.b4 Qxa3 22.Nxd5 Nxd5 23.Qxd5 Rac8 $1 24.Ne2 $8 
Qxb4+ 25.Bd2 Rxc1+ 26.Nxc1 Qe4+ 27.Qxe4 Bxe4 $10 ) 21...Ne7 ( 21...e4 22.
Ngxe4 Nxe4 23.Nxe4 Qxd2+ 24.Kxd2 Nxe3 25.fxe3 d5 ( 25...Bxe4 $2 26.Bxe4+ 
Kh8 27.Rc7 $18 ) 26.Nd6 $1 $16 ) 22.Bxg6+ Nxg6 23.Nf5 Rg8 $2 ( 23...Ne4 $8
24.Nxe4 Qxd2+ 25.Bxd2 ( 25.Kxd2 Rxf5 26.Rc7 Raf8 $1 $13 ( 26...d5 $2 27.
Ng3 Rf3 28.Nh5 Rg8 29.Ke2 $16 ) ) 25...Rxf5 26.Nxd6 Rf6 27.Nxb7 Nh4 $1 28.
Ke2 Nf3 29.Rgd1 Nd4+ 30.Kf1 Rb6 31.Rc7 $14 ) 24.b4 $1 ( 24.Bxh6 $2 Nh4 $1 
25.Nxh4 Bxh6 26.Qc2+ e4 $17 ) 24...Qd8 $2 ( 24...Qa6 25.Nxd6 Rad8 26.Qc2 
$16 ) 25.Nxd6 $18 Nh4 26.Qd3+ e4 27.Ncxe4 1-0

[Event "15th Reykjavik op"]
[Site "Reykjavik ISL"]
[Date "1992.??.??"]
[Round "2"]
[White "Kotronias, Vasilios"]
[Black "Thorhallsson, Throestur"]
[WhiteElo "2560"]
[BlackElo "2445"]
[Result "1-0"]
[EventDate "1992.03.01"]
[PlyCount "101"]

1.e4 c5 2.Nf3 d6 3.d4 cxd4 4.Nxd4 Nf6 5.Nc3 Nc6 6.Bg5 Bd7 7.Qd2 Nxd4 8.
Qxd4 h6 9.Bxf6 gxf6 10.Bc4 Rg8 11.O-O-O Qa5 12.g3 Rc8 13.Bb3 e6 14.f4 Be7 
15.Rhe1 Rc5 16.Qd3 Kd8 17.e5 fxe5 18.Ne4 Rc6 19.fxe5 Qxe5 20.Kb1 Qa5 21.
Qf3 f5 22.Nf2 Rg6 23.Nd3 e5 24.Qe2 Bf8 25.Qh5 Rf6 26.g4 Kc7 27.g5 hxg5 28.
Qxg5 Rh6 29.Qg8 Rf6 30.Qh8 Be7 31.Qg7 Kd8 32.Nf4 Rc5 33.Ng6 Rxg6 34.Qxg6 
Qb4 35.Qg8+ Kc7 36.Qf7 Bd8 37.Be6 Qb5 38.Rxd6 Kxd6 39.Rd1+ Kc7 40.Qxd7+ 
Qxd7 41.Rxd7+ Kb6 42.Rxd8 e4 43.Rd5 f4 44.Rxc5 Kxc5 45.Kc1 Kd4 46.Kd2 f3 
47.c3+ Ke5 48.Bc8 Kf4 49.Bxb7 e3+ 50.Ke1 e2 51.Bxf3 1-0

[Event "15th Reykjavik op"]
[Site "Reykjavik ISL"]
[Date "1992.??.??"]
[Round "2"]
[White "Olafsson, Helgi"]
[Black "Conquest, Stuart"]
[WhiteElo "2525"]
[BlackElo "2505"]
[Result "1-0"]
[EventDate "1992.03.01"]
[PlyCount "67"]

1.d4 e6 2.Nf3 c5 3.c4 cxd4 4.Nxd4 Nf6 5.g3 d5 6.Bg2 dxc4 7.Qa4+ Bd7 8.Qxc4
Qb6 9.O-O Na6 10.Nc3 Rc8 11.Qd3 Bb4 12.Ndb5 O-O 13.a4 Rfd8 14.Be3 Nc5 15.
Qc4 a5 16.Rfd1 Qa6 17.Bxc5 Bxc5 18.Qh4 Qb6 19.e3 Bc6 20.Qf4 h6 21.h3 Bb4 
22.Qe5 Nd7 23.Qh5 Nc5 24.Nd4 Be8 25.Ndb5 Bxc3 26.bxc3 Nxa4 27.Rdb1 Rc5 28.
Qh4 Rxb5 29.Rxb5 Bxb5 30.Rb1 Nxc3 31.Re1 a4 32.Qb4 Qc7 33.Kh2 Ba6 34.Rc1 
$138 1-0

[Event "15th Reykjavik op"]
[Site "Reykjavik ISL"]
[Date "1992.??.??"]
[Round "2"]
[White "Petursson, Margeir"]
[Black "Plaskett, Harold James"]
[WhiteElo "2555"]
[BlackElo "2455"]
[Result "0-1"]
[EventDate "1992.03.01"]
[PlyCount "80"]

1.d4 Nf6 2.c4 e6 3.Nf3 b6 4.g3 Bb7 5.Bg2 Be7 6.Nc3 Ne4 7.Bd2 O-O 8.Rc1 f5 
9.O-O Bf6 10.d5 Na6 11.Be1 Nac5 12.Nd4 a5 13.Nxe4 fxe4 14.dxe6 Bxd4 15.
Qxd4 Nxe6 16.Qe3 Qf6 17.Rd1 Nc5 18.Bc3 Qf5 19.b3 d6 20.Ba1 Rae8 21.Rc1 Ne6
22.h4 Nc5 23.Kh2 Qg6 24.Bh3 Bc8 25.Bxc8 Rxc8 26.Rcd1 Rf5 27.Rd5 Rxd5 28.
cxd5 Rf8 29.Kg2 Rf5 30.Rd1 Qf7 31.Qd4 Nd7 32.Qxe4 Rxf2+ 33.Kg1 Rf5 34.Bc3 
Nc5 35.Qe3 h6 36.Qd4 Qg6 37.Qe3 Ne4 38.Be1 Nf6 39.Qe6+ Kh7 40.Rd3 Re5 0-1

[Event "15th Reykjavik op"]
[Site "Reykjavik ISL"]
[Date "1992.??.??"]
[Round "3"]
[White "Renet, Olivier"]
[Black "Petursson, Margeir"]
[WhiteElo "2495"]
[BlackElo "2555"]
[Result "0-1"]
[EventDate "1992.03.01"]
[PlyCount "120"]

1.e4 c5 2.Nf3 Nc6 3.d4 cxd4 4.Nxd4 g6 5.c4 Nf6 6.Nc3 d6 7.Be2 Nxd4 8.Qxd4 
Bg7 9.Bg5 O-O 10.Qd2 Be6 11.Rd1 a6 12.O-O Qc7 13.b3 Rfc8 14.f4 Re8 15.f5 
Bd7 16.Kh1 Bc6 17.Qf4 Qa5 18.Rd3 Qe5 19.fxg6 hxg6 20.Qxe5 dxe5 21.Bxf6 
Bxf6 22.Nd5 Rab8 23.b4 Bg7 24.Rfd1 Ba4 25.R1d2 Bh6 26.Rb2 Bc6 27.b5 axb5 
28.cxb5 Bxd5 29.Rxd5 e6 30.Rd3 b6 31.g3 Ra8 32.Bd1 Red8 33.Rxd8+ Rxd8 34.
Bf3 Rd4 35.Kg2 Be3 36.h4 Rc4 37.h5 Kg7 38.hxg6 Kxg6 39.Be2 Ra4 40.Bd1 Rd4 
41.Bf3 Kg5 42.Re2 Rd3 43.Rc2 Ra3 44.Be2 Bc5 45.Bc4 Re3 46.a4 Bb4 47.Rb2 
Ba5 48.Rf2 Rxe4 49.Bb3 Rb4 50.Bd1 f5 51.Rc2 Rxa4 52.Rc6 Ra2+ 53.Kf1 Ra1 
54.Ke2 Rb1 55.Rxe6 Rxb5 56.Ba4 Rb2+ 57.Kf1 Bc3 58.Be8 Kg4 59.Rg6+ Kf3 60.
Kg1 Rg2+ 0-1

[Event "15th Reykjavik op"]
[Site "Reykjavik ISL"]
[Date "1992.??.??"]
[Round "3"]
[White "Sirovs, Aleksejs"]
[Black "Olafsson, Helgi"]
[WhiteElo "2655"]
[BlackElo "2525"]
[Result "1-0"]
[EventDate "1992.03.01"]
[PlyCount "45"]

1.d4 Nf6 2.c4 e6 3.Nc3 Bb4 4.f3 d5 5.a3 Bxc3+ 6.bxc3 c5 7.cxd5 Nxd5 8.Qd3 
O-O 9.e4 Ne7 10.f4 Qc7 {N} ( 10...f5 11.Nf3 Nbc6 12.dxc5 Qa5 13.exf5 Rxf5 
14.Ng5 h6 15.Ne4 e5 16.g4 Rf8 17.f5 $16 {Khenkin,I-Schneider,LA/Peer Gynt 
Int/1991/} ) ( 10...b6 11.Qe3 Ba6 12.Bxa6 Nxa6 13.Nf3 cxd4 14.cxd4 Nc7 15.
a4 f5 16.Ba3 fxe4 17.Qxe4 Qd5 18.Qc2 Qa5+ 19.Qd2 Qxa4 $13 {
Shirov,A-Chandler,M/Hastings/1991/} ) 11.Nf3 b6 12.Qe3 Ba6 13.Bxa6 Nxa6 
14.O-O Rae8 15.Bb2 Qb7 ( 15...f5 16.c4 $40 ) 16.Rae1 f5 17.Qd3 Nc7 ( 17...
fxe4 18.Rxe4 Nc7 19.Ng5 $16 ) 18.c4 cxd4 $2 ( 18...fxe4 19.Rxe4 Nf5 20.d5 
$1 exd5 21.Rxe8 Nxe8 22.cxd5 $16 ) 19.Qxd4 Rf7 20.Ng5 Nc6 21.Qd3 Rff8 ( 
21...Rfe7 22.exf5 exf5 23.Qxf5 $18 ) 22.exf5 Rxf5 ( 22...exf5 23.Qd7 $18 )
23.Nxe6 $1 {Ftacnik,L} 1-0

[Event "15th Reykjavik op"]
[Site "Reykjavik ISL"]
[Date "1992.??.??"]
[Round "3"]
[White "Thorsteins, Karl"]
[Black "Hjartarson, Johann"]
[WhiteElo "2485"]
[BlackElo "2580"]
[Result "0-1"]
[EventDate "1992.03.01"]
[PlyCount "121"]

1.d4 Nf6 2.c4 e6 3.Nc3 Bb4 4.e3 O-O 5.Bd3 d5 6.Nf3 c5 7.O-O Nc6 8.a3 Bxc3 
9.bxc3 Qc7 10.cxd5 ( 10.Qc2 Na5 $1 11.cxd5 $6 ( 11.Ne5 $5 dxc4 12.Nxc4 
Nxc4 13.Bxc4 cxd4 14.cxd4 Bd7 15.Qe2 Rac8 16.Bd3 Ba4 $10 ) 11...c4 $1 12.
Be2 exd5 13.Ne5 ( 13.Nd2 Bg4 14.Bxg4 Nxg4 15.g3 f5 $15 {
Geller,E-Petrosian,T/Amsterdam ct/1956/ -> Kandidatenturniere 1948-1962} )
13...Ne4 14.Ra2 f6 15.Nf3 Nd6 $17 {i ...if5 
Lerner,K-Hjartarson,J/Moscow/1987/} ) 10...exd5 11.Nh4 ( 11.a4 Re8 12.Ba3 
c4 13.Bc2 Ne4 $10 14.Qe1 Qd8 ) 11...Ne7 ( 11...Re8 12.f3 Bd7 ( 12...Na5 
13.Ra2 cxd4 14.cxd4 Nc4 15.Re2 b5 16.e4 dxe4 17.fxe4 Bg4 18.Nf3 Qb6 19.Kh1
Rac8 20.Ree1 $14 {Donner,J-Troianescu/Habana/1971/ 11/518} ) ( 12...b6 13.
Ra2 a5 $2 {i 13...ib7} 14.Re2 Bb7 ( 14...Ba6 15.Bxa6 Rxa6 16.e4 $16 ) 
15.Bb2 Rad8 16.Qe1 $1 g6 17.g4 Qc8 18.Qf2 {i 19.e4} 18...Re7 19.h3 Ba6 
20.Bxa6 Qxa6 21.e4 dxe4 22.fxe4 Qc4 $2 23.Qxf6 Qxe2 24.Bc1 $1 Qxf1+ 25.
Qxf1 Rxe4 26.Bh6 {Portisch,L-Hort,V/Niksic/1978/1-0/28/} ) 13.Ra2 Qa5 ( 
13...Ne7 14.g3 Ng6 15.Ng2 Re7 16.g4 $16 ) 14.Bd2 Qb6 15.Qb1 Na5 16.Rb2 Qd6
17.Bc1 Rac8 18.Nf5 Bxf5 19.Bxf5 $14 {
Donner,J-Kortschnoj,V/Amsterdam/1972/E-E/31/ 13/633} 19...Rc7 20.Bd3 ) 
12.g3 ( 12.a4 Re8 13.Ba3 c4 14.Bc2 Ng6 15.Nf5 Ne4 $10 ) 12...Bh3 13.Re1 ( 
13.Ng2 Bf5 14.f3 Bxd3 15.Qxd3 Rac8 16.Bd2 Rfe8 17.Ra2 Nc6 18.Be1 Qb6 $15 {
Gligoric,S-Larsen,B/Milano/1975/} ) 13...Ng6 ( 13...c4 14.Bc2 ( 14.Bf1 $6 
Bxf1 15.Rxf1 Ne4 16.Bb2 f5 $15 17.f3 Nf6 18.Qc2 Qd7 19.a4 g5 $1 20.Ng2 Ng6
21.Ba3 Rf7 22.Rf2 Kg7 23.Raf1 Re8 24.a5 h5 25.Bc5 h4 $1 $15 {
Hjartarson,J-Byrne,R/reykjavik/1982/0-1/55/ 33/697} ) 14...Ne4 15.Bb2 f5 
16.Ng2 g5 17.f3 Nf6 18.a4 Bxg2 19.Kxg2 $14 {Balashov,Y-Gulko,B/URS/1975/} 
) 14.Ng2 Qd7 15.f3 cxd4 ( 15...Bf5 $2 16.Bf1 cxd4 17.g4 $1 Be6 18.cxd4 
Rac8 19.Bd3 $14 ) 16.cxd4 Bf5 17.Bb2 {TN} ( 17.Bf1 Rac8 18.g4 ( 18.Ra2 Rc7
$1 19.g4 Rfc8 20.Bd2 Bc2 21.Qa1 Bb3 22.Rb2 Bc4 $17 {Lin 
Weinguo-Ivanchuk,V/WchJ Adelaide/1988/0-1/} ) 18...Bc2 19.Qd2 Rc7 20.Bb2 
Rfc8 $15 ) 17...Bxd3 18.Qxd3 Rac8 19.Rac1 Rxc1 20.Rxc1 Rc8 $10 21.Rxc8+ 
Qxc8 22.Qc3 ( 22.Ne1 h5 $15 ) 22...Qf5 23.Ne1 h5 24.Qc7 Qe6 $1 25.Kf2 Qa6 
26.h4 Nf8 27.Qc2 N6d7 {i i b6-c4} 28.Nd3 Qg6 $1 29.Ne1 Qe6 30.Nd3 Qh3 
31.Nf4 Qh2+ 32.Ng2 Nb6 33.Qc7 Nc4 34.Qxb7 $2 ( 34.Bc1 $1 Qh1 ( 34...g5 $6 
35.Qd8 $1 ( 35.hxg5 $4 h4 $19 ) 35...gxh4 36.Qxh4 $14 ) 35.Ne1 Qh2+ 36.Ng2
Qh1 $10 ) 34...Nxe3 35.Kxe3 Qg1+ $1 36.Kd3 Qxg2 37.Ke3 Qg1+ 38.Ke2 Qxg3 
$17 39.Bc3 Qg2+ $6 ( 39...Ne6 40.Qxa7 Qxh4 $17 ) 40.Ke3 Qg1+ 41.Ke2 Ng6 $2
( 41...Ne6 42.Qb8+ Kh7 43.Qe5 g6 44.Qf6 Kg8 $17 ) 42.Qc8+ Kh7 43.Qf5 Qh2+ 
44.Kd1 $1 Qxh4 45.Qxd5 f6 46.Qf5 ( 46.Bd2 $5 Qh3 $15 {if5,h4} ) 46...Qg5
$8 47.Qxg5 fxg5 48.d5 h4 49.d6 Nf8 50.Ke2 Kg6 51.Kf2 Nd7 52.Kg2 Nf6 53.Bd2
Kf5 54.Kh3 a6 55.Be3 g6 56.Bd2 Nd7 57.Bc3 Ke6 58.Bd2 Ne5 59.Bxg5 Nxf3 60.
Be3 $4 ( 60.Be7 g5 61.Kg4 Ne5+ 62.Kh3 Kf5 ( 62...Nf7 63.Kg4 Kd7 64.Kh3 a5 
65.a4 $10 ) 63.a4 Kf4 64.Bd8 $10 ) 60...g5 61.Bc5 {61...i e5 62.ig4 
i e5 63.ih3 i f7-+} 0-1

[Event "15th Reykjavik op"]
[Site "Reykjavik ISL"]
[Date "1992.??.??"]
[Round "4"]
[White "Arnason, Jon"]
[Black "Hjartarson, Johann"]
[WhiteElo "2515"]
[BlackElo "2580"]
[Result "0-1"]
[EventDate "1992.03.01"]
[PlyCount "68"]

1.e4 e5 2.Nc3 Nc6 3.Bc4 Nf6 4.d3 Na5 5.Nge2 Nxc4 6.dxc4 c6 $5 ( 6...Bc5 7.
h3 h6 8.Ng3 d6 9.O-O Be6 10.Qd3 O-O 11.Bd2 a6 $1 $10 {
Makarichev-Razuvaev,Y/Moscow GMA/1989/} ) ( 6...Be7 7.O-O d6 8.b3 O-O 9.
Bb2 ( 9.Ng3 c6 10.Bb2 Qa5 11.Qe1 Qc7 12.a4 Be6 13.Rd1 a6 14.Qe2 Bg4 15.f3 
Bd7 16.Kh1 Rab8 17.Nf5 Bxf5 18.exf5 Rfe8 19.Rd2 Rbd8 20.Rfd1 Nh5 $2 21.Ba3
$14 {Larsen,B-Portisch,L/Porec m/1968/1-0/28/ -> 5/213} ) 9...Nd7 10.a4 a5
11.Nd5 Nc5 12.Nxe7+ Qxe7 13.Nc3 f5 14.f4 $1 $16 {Larsen,B-Portisch,L/Las 
Palmas/1976/} ) 7.O-O Be7 8.b3 O-O 9.Ng3 d6 10.a4 g6 $5 ( 10...Be6 $10 ) 
11.Bh6 Re8 12.Qd3 Ng4 ( 12...Be6 13.h3 $14 { 14.f2-f4} ) 13.Bd2 $6 ( 13.
Bc1 Be6 14.Ba3 $14 ) 13...Bf8 14.Rad1 Be6 $10 15.h3 Nf6 16.f4 exf4 17.Bxf4
Qa5 $1 ( 17...Nd7 $5 18.Bxd6 Nc5 $44 ) 18.Qf3 Nd7 19.Nd5 $6 ( 19.Nge2 Ne5 
20.Qg3 $10 ) 19...Bg7 20.b4 ( 20.Bxd6 $2 cxd5 21.cxd5 Qb6+ $19 ) 20...Qxa4
$1 21.Bxd6 Qxc2 22.Rc1 $4 ( 22.Nc7 Bxc4 23.Rf2 Qb3 24.Nxa8 Rxa8 $17 ) 
22...Qb2 $19 23.Nc7 $2 ( 23.Kh1 cxd5 24.cxd5 Ne5 25.Bxe5 Qxe5 26.dxe6 fxe6
$19 ) 23...Qd4+ 24.Kh1 Qxd6 25.Nxa8 Rxa8 26.c5 Qe7 27.Ne2 a5 28.Qa3 a4 29.
Qe3 a3 30.Nc3 a2 31.Qd2 Ra3 32.Qb2 Rb3 33.Qxa2 Rxc3 34.Qa8+ Nf8 0-1

[Event "15th Reykjavik op"]
[Site "Reykjavik ISL"]
[Date "1992.??.??"]
[Round "4"]
[White "Kotronias, Vasilios"]
[Black "Sirovs, Aleksejs"]
[WhiteElo "2560"]
[BlackElo "2655"]
[Result "1-0"]
[EventDate "1992.03.01"]
[PlyCount "91"]

1.e4 {Boensch} 1...c5 2.Nf3 d6 3.d4 cxd4 4.Nxd4 Nf6 5.Nc3 Nc6 6.Bg5 e6 7.
Qd2 a6 8.O-O-O h6 9.Bf4 Bd7 10.Nxc6 Bxc6 11.f3 d5 12.Qe1 Bb4 13.a3 Ba5 14.
Bd2 b5 15.exd5 ( 15.Kb1 {Boensch} 15...Bc7 16.exd5 Nxd5 17.Nxd5 Bxd5 18.
Bb4 Qg5 19.Bd3 O-O-O 20.Ba5 Rd7 21.a4 $40 {Leko,P-Lanka,Z Nettetal 1992} )
15...Nxd5 16.Bd3 Bxc3 $5 ( 16...Rc8 $1 17.Kb1 O-O 18.Nxd5 Bxd2 $10 {Glek -
Serper, URS 1991.} ) 17.Bxc3 O-O 18.h4 Nxc3 $2 ( 18...Qe7 {Boensch} 19.Qe4
f5 20.Qe5 $14 ) 19.Bh7+ Kxh7 20.Rxd8 Na2+ 21.Kb1 Rfxd8 22.Kxa2 $16 Rd4 ( 
22...a5 $5 {Boensch} ) 23.Qa5 e5 24.Qc7 Bd5+ 25.Kb1 f6 26.Kc1 Rc4 27.Qd7 
Bg8 28.Rd1 b4 ( 28...Rxh4 {Boensch} 29.Qb7 $18 ) 29.b3 Rxh4 30.Qb7 Rf8 31.
axb4 ( 31.Rd7 {Boensch} 31...bxa3 32.Kb1 $18 ) 31...Rf7 32.Qc8 g6 33.Rd8 
$1 {Weiss geht zum entscheidenden Angriff ueber.} 33...Rg7 34.Qxa6 Rxb4 35.
Qxf6 e4 36.Qd6 Rbb7 37.fxe4 Rbe7 38.Qd4 h5 39.Rd6 Rgf7 40.e5 Rf5 41.Rd7 
Rxe5 42.Qxe5 Rxd7 43.c4 Rf7 44.Qd4 Rf1+ 45.Kb2 Be6 46.b4 1-0

[Event "15th Reykjavik op"]
[Site "Reykjavik ISL"]
[Date "1992.??.??"]
[Round "4"]
[White "Olafsson, Helgi"]
[Black "Plaskett, Harold James"]
[WhiteElo "2525"]
[BlackElo "2455"]
[Result "1-0"]
[EventDate "1992.03.01"]
[PlyCount "81"]

1.d4 e6 2.c4 Nf6 3.Nc3 Bb4 4.Qc2 O-O 5.a3 Bxc3+ 6.Qxc3 Ne4 7.Qc2 f5 8.b3 
b5 9.cxb5 c6 10.e3 cxb5 11.Bd3 Bb7 12.Ne2 Qg5 13.Nf4 Qh4 14.O-O g5 15.f3 
Nf6 16.Qc7 gxf4 17.Qxb7 fxe3 18.Bxe3 Nc6 19.Qxb5 Rab8 20.Qc5 Rxb3 21.Bf2 
Qg5 22.Bc4 Rb2 23.Bxe6+ dxe6 24.Qxc6 Rb6 25.Qa4 Nd5 26.Rae1 Nf4 27.g3 Rb2 
28.Qc4 Kh8 29.d5 Nh3+ 30.Kg2 Nxf2 31.Rxf2 Rxf2+ 32.Kxf2 Qd2+ 33.Re2 Qxd5 
34.Qxd5 exd5 35.Re5 f4 36.Rxd5 fxg3+ 37.hxg3 Rf7 38.g4 Kg7 39.Ra5 Kg6 40.
Kg3 Rc7 41.f4 1-0

[Event "15th Reykjavik op"]
[Site "Reykjavik ISL"]
[Date "1992.??.??"]
[Round "4"]
[White "Petursson, Margeir"]
[Black "Thorsteins, Karl"]
[WhiteElo "2555"]
[BlackElo "2485"]
[Result "1/2-1/2"]
[EventDate "1992.03.01"]
[PlyCount "80"]

1.d4 d5 2.c4 c6 3.Nc3 Nf6 4.Nf3 e6 5.Bg5 Nbd7 6.cxd5 exd5 7.e3 Be7 8.Bd3 
O-O 9.Qc2 Re8 10.h3 Nf8 11.g4 Be6 12.O-O-O Qa5 13.Kb1 b5 14.Ne5 Rac8 15.
Rc1 Ne4 16.Bxe7 Rxe7 17.f3 f6 18.fxe4 dxe4 19.Bxe4 fxe5 20.Bf5 exd4 21.
exd4 b4 22.Bxe6+ Nxe6 23.Ne2 Qd5 24.Qc4 Ree8 25.Rhd1 a5 26.Ng3 g6 27.h4 
Rf8 28.Ne2 Nf4 29.Nxf4 Qxc4 30.Rxc4 Rxf4 31.Rc5 Rd8 32.Rxc6 Rfxd4 33.Rxd4 
Rxd4 34.Rc8+ Kg7 35.Rc7+ Kg8 36.g5 a4 37.Rc8+ Kg7 38.Rc7+ Kg8 39.Rc8+ Kf7 
40.Rc7+ Kg8 1/2-1/2

[Event "15th Reykjavik op"]
[Site "Reykjavik ISL"]
[Date "1992.??.??"]
[Round "4"]
[White "Stefansson, Hannes Hlifar"]
[Black "Renet, Olivier"]
[WhiteElo "2455"]
[BlackElo "2495"]
[Result "1/2-1/2"]
[EventDate "1992.03.01"]
[PlyCount "49"]

1.e4 c5 2.Nf3 d6 3.d4 cxd4 4.Nxd4 Nf6 5.Nc3 a6 6.Be2 e5 7.Nb3 Be7 8.Be3 
Be6 9.a4 O-O 10.Qd2 Nc6 11.O-O Rc8 12.Bf3 Nb4 13.Rfd1 Ng4 14.Bxg4 Bxg4 15.
f3 Be6 16.a5 Qe8 17.Rac1 f5 18.Nd5 Nxd5 19.exd5 Bd7 20.f4 Bf6 21.c4 Ba4 
22.Qb4 Rf7 23.Re1 Bxb3 24.Qxb3 Re7 25.fxe5 1/2-1/2

[Event "15th Reykjavik op"]
[Site "Reykjavik ISL"]
[Date "1992.??.??"]
[Round "4"]
[White "Thorhallsson, Throestur"]
[Black "Conquest, Stuart"]
[WhiteElo "2445"]
[BlackElo "2505"]
[Result "0-1"]
[EventDate "1992.03.01"]
[PlyCount "80"]

1.e4 c5 2.Nf3 e6 3.d4 cxd4 4.Nxd4 a6 5.Bd3 Bc5 6.Nb3 Ba7 7.Qe2 Nc6 8.Nc3 
Nge7 9.Be3 d6 10.O-O-O b5 11.Rhe1 O-O 12.f4 b4 13.Nb1 a5 14.Bxa7 Rxa7 15.
e5 a4 16.Qe4 g6 17.exd6 Qxd6 18.N3d2 Bb7 19.g3 Rc8 20.Nc4 Qc7 21.Qe3 Ba6 
22.Qc5 Bxc4 23.Qxc4 Ra5 24.Be4 Qb6 25.Rd6 Rc5 26.Qd3 b3 27.Nc3 bxa2 28.
Nxa2 Rb8 29.Qa3 Rb5 30.Bxc6 Nxc6 31.Qxa4 Qf2 32.Red1 Qe3+ 33.Kb1 Rxb2+ 34.
Ka1 Rxa2+ 35.Kxa2 Nb4+ 36.Kb1 Nd5+ 37.Qb3 Rxb3+ 38.cxb3 Qxb3+ 39.Kc1 Qa3+ 
40.Kc2 Qxd6 0-1

[Event "15th Reykjavik op"]
[Site "Reykjavik ISL"]
[Date "1992.??.??"]
[Round "5"]
[White "Conquest, Stuart"]
[Black "Arnason, Jon"]
[WhiteElo "2505"]
[BlackElo "2515"]
[Result "1-0"]
[EventDate "1992.03.01"]
[PlyCount "115"]

1.e4 c5 2.Nc3 d6 3.f4 a6 4.Nf3 e6 5.d4 cxd4 6.Nxd4 Nf6 7.Bd3 Nbd7 8.Qe2 
Nc5 9.Be3 Qc7 10.O-O b5 11.a3 Bb7 12.Bf2 Be7 13.Kh1 O-O 14.Rae1 Rad8 15.
Nf3 Nh5 16.Be3 Nf6 17.Bd4 Nfd7 18.b4 Nxd3 19.cxd3 Rc8 20.Rc1 Qb8 21.Nd2 
Bf6 22.Bxf6 Nxf6 23.Nb3 Rc7 24.Rc2 Rfc8 25.Rfc1 h6 26.Qf2 Ba8 27.h3 Rd8 
28.Na5 e5 29.Nb3 Rcc8 30.fxe5 dxe5 31.Nc5 Qd6 32.Rf1 Rc7 33.Ne2 Ne8 34.Ng3
Qf6 35.Nf5 Kh7 36.Qg3 Nd6 37.Rcf2 Qg6 38.Qxe5 Nxf5 39.Rxf5 Rdc8 40.Kh2 a5 
41.R5f3 f6 42.Qd6 Qe8 43.Rf5 Rc6 44.Qf4 Rd8 45.Rf3 axb4 46.axb4 Rd4 47.Rd5
Rxb4 48.Rg3 Kh8 49.Rd7 g5 50.Qf5 Qg8 51.d4 Rc4 52.Ra3 g4 53.Rh7+ Qxh7 54.
Rxa8+ Qg8 55.Rxg8+ Kxg8 56.Qd5+ Kg7 57.Qxc6 g3+ 58.Kxg3 1-0

[Event "15th Reykjavik op"]
[Site "Reykjavik ISL"]
[Date "1992.??.??"]
[Round "5"]
[White "Hjartarson, Johann"]
[Black "Petursson, Margeir"]
[WhiteElo "2580"]
[BlackElo "2555"]
[Result "1/2-1/2"]
[EventDate "1992.03.01"]
[PlyCount "75"]

1.e4 c5 2.Nc3 Nc6 3.g3 g6 4.Bg2 Bg7 5.d3 e6 6.Be3 Nd4 7.Nce2 d6 8.c3 Nc6 
9.f4 Nge7 10.Nf3 b6 11.O-O O-O 12.Qd2 Bb7 13.g4 f5 14.gxf5 exf5 15.Ng3 Qd7
16.Rad1 Rad8 17.Qf2 Kh8 18.Bc1 Rde8 19.Rfe1 Nd8 20.h4 Nf7 21.Ng5 Nh6 22.
Bf3 Ng4 23.Qg2 h6 24.exf5 hxg5 25.Bxb7 gxh4 26.fxg6 hxg3 27.Qh3+ Bh6 28.
Bf3 Nxg6 29.Bxg4 Rxe1+ 30.Rxe1 Qh7 31.f5 Nh4 32.Bxh6 Qxh6 33.Qxg3 Nxf5 34.
Bxf5 Rxf5 35.Re8+ Rf8 36.Rxf8+ Qxf8 37.Qh3+ Kg7 38.Qg4+ 1/2-1/2

[Event "15th Reykjavik op"]
[Site "Reykjavik ISL"]
[Date "1992.??.??"]
[Round "5"]
[White "Plaskett, Harold James"]
[Black "Kotronias, Vasilios"]
[WhiteElo "2455"]
[BlackElo "2560"]
[Result "1-0"]
[EventDate "1992.03.01"]
[PlyCount "123"]

1.e4 c5 2.Nc3 Nc6 3.f4 g6 4.Nf3 Bg7 5.Bb5 Nd4 6.O-O e6 7.d3 a6 8.Bc4 d6 9.
Nxd4 cxd4 10.Ne2 Ne7 11.Bb3 O-O 12.Qe1 Kh8 13.Bd2 f5 14.Ng3 a5 15.a4 Bd7 
16.Qe2 Bf6 17.Rae1 Qc7 18.Qf2 Rae8 19.Re2 Nc6 20.Rfe1 Bg7 21.Qf3 Nd8 22.h3
Bc6 23.Qf2 fxe4 24.Nxe4 Nf7 25.Qh4 Bxe4 26.Rxe4 e5 27.fxe5 dxe5 28.Rg4 Qc6
29.Rf1 Nd8 30.Rxf8+ Rxf8 31.Bxa5 Bf6 32.Qh6 Bg7 33.Qh4 Bf6 34.Qe1 Ne6 35.
Bxe6 Qxe6 36.Rxd4 Rc8 37.c4 Qc6 38.Re4 Qxa4 39.Rxe5 Rf8 40.Bc3 Kg8 41.Ra5 
Qc6 42.Rd5 Re8 43.Qf2 Bxc3 44.bxc3 Qc7 45.Rd4 Re5 46.Qf4 Re1+ 47.Kf2 Qe7 
48.Re4 Rxe4 49.Qxe4 Qf6+ 50.Ke3 Qb6+ 51.Kf3 Qb1 52.c5 Kg7 53.d4 Qb5 54.Kg3
h5 55.c4 Qxc4 56.Qxb7+ Kh6 57.Qe4 g5 58.Qc6+ Kg7 59.Qc7+ Kg6 60.Qd6+ Kf7 
61.c6 Qc3+ 62.Kh2 1-0

[Event "15th Reykjavik op"]
[Site "Reykjavik ISL"]
[Date "1992.??.??"]
[Round "5"]
[White "Renet, Olivier"]
[Black "Olafsson, Helgi"]
[WhiteElo "2495"]
[BlackElo "2525"]
[Result "1-0"]
[EventDate "1992.03.01"]
[PlyCount "75"]

1.e4 c5 2.Nf3 d6 3.d4 cxd4 4.Nxd4 Nf6 5.Nc3 a6 6.Bg5 e6 7.f4 Qb6 8.Nb3 
Nbd7 9.a4 Qc7 10.Qf3 b6 11.Bd3 Bb7 12.O-O Be7 13.Rae1 h6 14.Bh4 g5 15.Bg3 
gxf4 16.Bxf4 Ne5 17.Qe2 Nfd7 18.Nd2 Bg5 19.Bg3 h5 20.Nf3 Bf6 21.Nxe5 Bxe5 
22.Bxe5 Nxe5 23.Nd1 Bc6 24.Bxa6 Bxa4 25.Nc3 Qc5+ 26.Kh1 Bc6 27.Bb5 Bxb5 
28.Nxb5 Ke7 29.Rd1 Rad8 30.Nd4 h4 31.h3 Ra8 32.Qf2 Rh7 33.Qf6+ Kd7 34.Nf5 
exf5 35.Qxf5+ Ke7 36.Qxh7 Qxc2 37.Qxh4+ Kd7 38.Qf6 1-0